| 000 | 00816cab a2200193 4500 | ||
|---|---|---|---|
| 001 | ABS40666 | ||
| 008 | 090401t1989 xxu||||| |||| 00| 0 eng d | ||
| 035 | _a(Sirsi) u25353 | ||
| 041 | _aeng | ||
| 100 | _aStokdyk, J. | ||
| 245 | _aBeyond the critical path; Manageable bytes; The brains behind Canary Wharf | ||
| 260 | _c1989 | ||
| 350 | _a0 | ||
| 490 |
_aBuilding _v254(7584) 10 February 1989, 72-73 |
||
| 520 | _aThree articles on computer s in project management , reports on how Bucknall Austin `s project management subsidiary Bucknall Crow is using computers to improve efficiency and quality; the setting up of the Project Management Shop in Covent Garden and the role computers are playing in the Canary Wharf development . | ||
| 690 | _aPRACTICE AND TECHNIQUES | ||
| 942 | _n0 | ||
| 948 | _c04/03/1997 | ||
| 999 |
_c17020 _d17020 |
||